书目信息 |
| 题名: |
电影特技教程
|
|
| 作者: | 屠明非 著 | |
| 分册: | ||
| 出版信息: | 北京 中国电影出版社 2007 |
|
| 页数: | 391页 | |
| 开本: | 26cm | |
| 丛书名: | ||
| 单 册: | ||
| 中图分类: | J916 | |
| 科图分类: | ||
| 主题词: | 电影特技--高等学校--教材 , 电影特技 | |
| 电子资源: | ||
| ISBN: | 978-7-106-02764-3 | |
| 000 | 00856nam0 2200253 450 | |
| 001 | 003614835 | |
| 005 | 20130628103513.76 | |
| 010 | @a978-7-106-02764-3@dCNY98.00 | |
| 100 | @a20070327d2007 em y0chiy0110 ea | |
| 101 | 0 | @achi |
| 102 | @aCN@b110000 | |
| 105 | @aa z 000yy | |
| 106 | @ar | |
| 200 | 1 | @a电影特技教程@9dian ying te ji jiao cheng@f屠明非著 |
| 210 | @a北京@c中国电影出版社@d2007 | |
| 215 | @a391页@c照片,图@d26cm | |
| 300 | @a北京电影学院精品教材 北京电影学院摄影系“十一五”教材规划《电影影像体系》之一 | |
| 330 | @a本书内容包括骗术与错觉、历史的回顾、合成、人造景物、摄影真实感图像、影调和色彩调整、团队精神和扬长避短七章。 | |
| 606 | 0 | @a电影特技@x高等学校@j教材 |
| 606 | 0 | @a电影特技 |
| 690 | @aJ916@v4 | |
| 701 | 0 | @a屠明非@9tu ming fei@c(女,@f1956~)@4著 |
| 801 | 0 | @aCN@bNLC@c20071120 |
| 905 | @b544467-71@dJ916@e271@f5 | |
| 电影特技教程/屠明非著.-北京:中国电影出版社,2007 |
| 391页:照片,图;26cm |
| 北京电影学院精品教材 北京电影学院摄影系“十一五”教材规划《电影影像体系》之一 |
| ISBN 978-7-106-02764-3:CNY98.00 |
| 本书内容包括骗术与错觉、历史的回顾、合成、人造景物、摄影真实感图像、影调和色彩调整、团队精神和扬长避短七章。 |
| ● |
| 相关链接 |
|
|
|
|
正题名:电影特技教程
索取号:J916/271
 
预约/预借
| 序号 | 登录号 | 条形码 | 馆藏地/架位号 | 状态 | 备注 |
| 1 | 544467 | 205444679 | 第一样本阅览室/ [索取号:J916/271] | 在馆 | |
| 2 | 544468 | 205444688 | 密集书库-美术系/ [索取号:J916/271] | 在馆 | |
| 3 | 544469 | 205444697 | 第一借阅区/ [索取号:J916/271] | 在馆 | |
| 4 | 544470 | 205444704 | 第一借阅区/ [索取号:J916/271] | 在馆 | |
| 5 | 544471 | 205444713 | 第一借阅区/ [索取号:J916/271] | 在馆 |